Hetalia Characters (ALL) - Statistics

General Stats
  • This quiz has been taken 1,512 times
    1,393 since last reset
  • The average score is 38 of 56
Answer Stats
Answer % Correct
England
99%
America
98%
Germany
98%
Italy
98%
Japan
98%
Russia
98%
France
97%
China
96%
Austria
91%
Spain
91%
Canada
89%
Finland
89%
Hungary
88%
Sweden
88%
Denmark
86%
Norway
86%
Prussia
86%
Iceland
85%
Belarus
84%
Romano
84%
Greece
82%
Ukraine
82%
Lithuania
80%
Estonia
79%
Latvia
79%
Sealand
78%
Switzerland
78%
Turkey
76%
Poland
75%
Belgium
71%
Netherlands
68%
Australia
66%
Liechtenstein
62%
Taiwan
62%
Romania
61%
Wy
60%
Rome
59%
Seychelles
59%
Cuba
57%
Hong Kong
57%
Egypt
56%
Holy Roman Empire
53%
India
51%
Bulgaria
48%
New Zealand
48%
Thailand
44%
Seborga
43%
Germania
39%
Monaco
39%
Cyprus
32%
Kugelmugel
29%
Ladonia
29%
Hutt River
28%
Molossia
26%
Nikoniko
12%
Davie
9%
No matching quizzes found
Score Distribution
Percent of People with Each Score
Percentile by Number Answered
Your Score History
You have not taken this quiz since the last reset